|
|
|
|
| LEADER |
01127nam a22002417a 4500 |
| 001 |
AAL9748 |
| 003 |
BD-DhAAL |
| 005 |
20181107110522.0 |
| 008 |
181107s 2015B ||||| |||| 00| 0 B d |
| 999 |
|
|
|c 40270
|d 40270
|
| 020 |
|
|
|a 9789849145622
|
| 040 |
|
|
|a BD-DhAAL
|c BD-DhAAL
|
| 082 |
|
|
|a 891.441
|
| 100 |
|
|
|a রহমান, টিএস
|9 28738
|
| 245 |
|
|
|a দেয়ালঘেঁসে আলমারিটা খোলাই পড়ে রবে /
|c টিএস রহমান
|
| 260 |
|
|
|a ঢাকা :
|b একুশে বাংলা প্রকাশন,
|c ২০১৫
|
| 300 |
|
|
|a ৪৭ পৃ.
|c ২২ সে. মি.
|
| 541 |
|
|
|e ৯৭৪৮
|
| 650 |
|
|
|a Bengali poetry
|9 28739
|
| 852 |
|
|
|a Savar Campus Library
|c General Shelf
|
| 942 |
|
|
|2 ddc
|c BK
|
| 952 |
|
|
|0 0
|1 0
|2 ddc
|4 0
|6 891_441000000000000_RAH
|7 0
|9 64658
|a SCL
|b SCL
|c GEN
|d 2018-11-07
|e Gift: T.S. Rahman
|g 120.00
|l 0
|o 891.441 RAH
|p 3020009748
|r 2018-11-07
|t 1
|w 2018-11-07
|y BK
|
| 952 |
|
|
|0 0
|1 0
|2 ddc
|4 0
|6 891_441000000000000_RAH
|7 0
|9 64659
|a SCL
|b SCL
|c GEN
|d 2018-11-07
|e Gift: T.S. Rahman
|g 120.00
|l 0
|o 891.441 RAH
|p 3020009749
|r 2018-11-07
|t 2
|w 2018-11-07
|y BK
|